Vedenie žiakov k podnikavosti na SOŠ
Enregistré dans:
| Auteur principal: | |
|---|---|
| Autres auteurs: | |
| Format: | Manuscrit Livre |
| Langue: | slovaque |
| Publié: |
STU v Bratislave MTF UIPH,
2010
|
| Sujets: | |
| Accès en ligne: | VAIS |
| Tags: |
Pas de tags, Soyez le premier à ajouter un tag!
|
MARC
| LEADER | 00000ntm a22000003a 4500 | ||
|---|---|---|---|
| 001 | stu208106 | ||
| 005 | 20150617230100.4 | ||
| 008 | 100722s2010------------------------slo-d | ||
| 040 | |a STU |b slo | ||
| 041 | 0 | |a slo | |
| 100 | 1 | |a Štúr, Milan, |d 1985- |4 aut |u M7000 |T MTF Ústav inžinierskej pedagogiky a humatitných vied |X 25077 |U M7000 |Y M7000 |7 A000025077 | |
| 242 | 0 | 0 | |a Keeping students in secondary schools to entrepreneurship. |y eng |
| 245 | 1 | |a Vedenie žiakov k podnikavosti na SOŠ | |
| 260 | |b STU v Bratislave MTF UIPH, |c 2010 | ||
| 650 | 7 | |a business |2 estusub | |
| 650 | 7 | |a kompetencie žiakov |2 stusub | |
| 650 | 7 | |a podnikanie |2 stusub | |
| 700 | 1 | |a Krelová, Katarína |4 ths |u M220 |U MTF Ústav inžinierskej pedagogiky a humatitných vied |T MTF Katedra inžinierskej pedagogiky a psychológie |U M220 |Y M220 | |
| 856 | 4 | |a info a plný text |u http://is.stuba.sk/zp/portal_zp.pl?podrobnosti=58632 |3 VAIS | |
| 996 | |c M*DP-9521 |l MMSKP |s P |a 0 |w stu208106_0001 | ||